[Event "13. Lovsprings EMT Basis 1 2002"]
[Site "Ringsted"]
[Date "2002.04.19"]
[Round "6"]
[White "Dickow, Flemming"]
[Black "Madsen, Morten"]
[Result "0-1"]
[WhiteElo "1783"]
[BlackElo "1801"]
[PlyCount "114"]
[EventDate "2002.??.??"]

1. e4 b6 2. d4 Bb7 3. Bd3 g6 4. Nf3 Bg7 5. c3 d6 6. O-O Nd7 7. Bg5 h6 8. Bd2 e5
9. Na3 Ngf6 10. Re1 O-O 11. dxe5 Nxe5 12. Nxe5 dxe5 13. Qe2 Bxe4 14. Bxe4 Nxe4
15. Bxh6 Nxc3 16. bxc3 Bxh6 17. Qxe5 Bg7 18. Qg3 Qf6 19. Rac1 Qc6 20. c4 a6 21.
Qb3 Rfe8 22. Nc2 a5 23. Ne3 Bh6 24. Rcd1 Bxe3 25. fxe3 Re4 26. Rd4 Rae8 27. Qd3
Rxd4 28. Qxd4 Re4 29. Qd8+ Kg7 30. Rf1 Rxc4 31. Qe7 Qe6 32. Qxe6 fxe6 33. Rd1
Rc2 34. a4 Kf6 35. Rd4 Re2 36. Rd7 Rc2 37. Kf1 g5 38. h3 Kf5 39. Rd4 e5 40. g4+
Ke6 41. Rd8 Rh2 42. Rc8 Kd7 43. Rh8 Kd6 44. Kg1 Re2 45. h4 gxh4 46. Rxh4 Rxe3
47. Kf2 Re4 48. Kf3 Rxa4 49. Rh6+ Ke7 50. Rh7+ Kf6 51. Rxc7 Rb4 52. Rc8 a4 53.
Kg3 b5 54. Kh4 a3 55. Kh5 a2 56. g5+ Ke7 57. g6 a1=Q 0-1

[Event "13. Lovsprings EMT Basis 1 2002"]
[Site "Ringsted"]
[Date "2002.04.19"]
[Round "6"]
[White "Hansen, Morten Lyck"]
[Black "Jensen, Karsten"]
[Result "1/2-1/2"]
[WhiteElo "1829"]
[BlackElo "1716"]
[PlyCount "54"]
[EventDate "2002.??.??"]

1. d4 f5 2. Nc3 Nf6 3. Bg5 d5 4. Nf3 Ne4 5. Nxe4 fxe4 6. Ne5 Nc6 7. Nxc6 bxc6
8. e3 g6 9. Be2 Bg7 10. O-O O-O 11. c3 Qd6 12. Bf4 e5 13. dxe5 Bxe5 14. Bxe5
Qxe5 15. Qd4 Qg5 16. f4 exf3 17. Rxf3 Rxf3 18. Bxf3 Ba6 19. e4 Rf8 20. Kh1 dxe4
21. Qxe4 Qd2 22. Qxc6 Qxb2 23. Qe6+ Kg7 24. Qe5+ Kh6 25. Rd1 Qf2 26. Qe4 Bb5
27. h3 Rf6 1/2-1/2

[Event "13. Lovsprings EMT Basis 1 2002"]
[Site "Ringsted"]
[Date "2002.04.19"]
[Round "6"]
[White "Olsen, Morten Henrik"]
[Black "Eckert, Svend"]
[Result "0-1"]
[WhiteElo "1856"]
[BlackElo "1814"]
[PlyCount "110"]
[EventDate "2002.??.??"]

1. e4 c6 2. d4 d5 3. Nc3 e6 4. exd5 exd5 5. Qe2+ Be6 6. f4 Be7 7. Nf3 Nf6 8. h3
O-O 9. Bd2 c5 10. O-O-O c4 11. g4 Bb4 12. f5 Bd7 13. Qe5 Re8 14. Qf4 Bxc3 15.
Bxc3 Ne4 16. Be1 a5 17. Bg2 Bc6 18. Bh4 f6 19. Rhe1 c3 20. bxc3 Nxc3 21. Rxe8+
Qxe8 22. Bf1 Nxd1 23. Kxd1 Nd7 24. Bd3 Qf8 25. g5 Re8 26. g6 h6 27. Bg3 Qb4 28.
Qd6 Qxd6 29. Bxd6 Re3 30. Ng1 Nb6 31. Kd2 Re8 32. Bc5 Nc4+ 33. Kc3 b5 34. Ne2
Rb8 35. a3 Nxa3 36. Nf4 Nb1+ 37. Kb2 Nd2 38. Ne6 Ne4 39. Be7 Re8 40. Bd8 a4 41.
Ba5 Nd6 42. Bb4 Nc4+ 43. Ka2 Rc8 44. Nf4 Ne3 45. Bd2 Nc4 46. Bb4 Ra8 47. Nh5 a3
48. Be7 Nb2 49. Bf1 Nd1 50. Bxf6 gxf6 51. Nxf6+ Kh8 52. Nh5 Nc3+ 53. Ka1 Re8
54. g7+ Kg8 55. Nf6+ Kxg7 0-1

[Event "13. Lovsprings EMT Basis 1 2002"]
[Site "Ringsted"]
[Date "2002.04.19"]
[Round "6"]
[White "Rasmussen, Henning"]
[Black "Pondal, Jesper"]
[Result "0-1"]
[WhiteElo "1815"]
[BlackElo "1809"]
[PlyCount "74"]
[EventDate "2002.??.??"]

1. d4 d5 2. Nf3 Nf6 3. Bf4 e6 4. c3 Be7 5. Nbd2 O-O 6. e3 b6 7. Bd3 Bb7 8. Qc2
c5 9. Qb1 Nbd7 10. h3 Re8 11. O-O Rc8 12. Ne5 a6 13. a4 Nf8 14. Bh2 Bd6 15. f4
N6d7 16. g4 Qc7 17. g5 cxd4 18. exd4 f6 19. gxf6 gxf6 20. Ng4 Re7 21. Rf2 Rg7
22. Kh1 Kh8 23. Qf1 a5 24. Re1 f5 25. Ne5 Nxe5 26. fxe5 Be7 27. Ree2 Bc6 28. b3
Be8 29. Nb1 Bh5 30. Ra2 Ng6 31. Be2 Bxe2 32. Qxe2 Rcg8 33. Qd3 Bd8 34. Nd2 Bh4
35. Rg2 Nf4 36. Rxg7 Nxd3 37. Rxc7 Nf2# 0-1

[Event "13. Lovsprings EMT Basis 1 2002"]
[Site "Ringsted"]
[Date "2002.05.03"]
[Round "7"]
[White "Carlsen, Erik"]
[Black "Olsen, Morten Henrik"]
[Result "1/2-1/2"]
[WhiteElo "1728"]
[BlackElo "1856"]
[PlyCount "29"]
[EventDate "2002.??.??"]

1. c4 d5 2. cxd5 Qxd5 3. Nc3 Qa5 4. d4 e5 5. dxe5 Qxe5 6. Nf3 Qf5 7. g3 Bc5 8.
Bg2 Nc6 9. O-O Bd7 10. e4 Qh5 11. Bf4 O-O-O 12. Qc1 Bg4 13. Ne1 Nd4 14. Kh1 Nf3
15. Nxf3 1/2-1/2

[Event "13. Lovsprings EMT Basis 1 2002"]
[Site "Ringsted"]
[Date "2002.05.03"]
[Round "7"]
[White "Eckert, Svend"]
[Black "Dickow, Flemming"]
[Result "1-0"]
[WhiteElo "1814"]
[BlackElo "1783"]
[PlyCount "71"]
[EventDate "2002.??.??"]

1. e4 c5 2. Nf3 e6 3. c3 d5 4. e5 Nc6 5. Bb5 Bd7 6. Qe2 Nge7 7. O-O a6 8. Ba4
b5 9. Bc2 Qb6 10. Re1 d4 11. Ng5 h6 12. Nh3 g6 13. Kh1 Bg7 14. f4 O-O 15. Be4
Rab8 16. d3 Rfd8 17. Nd2 Be8 18. Nf2 Na7 19. Ng4 Nd5 20. Bxd5 exd5 21. cxd4
cxd4 22. Nf3 Bd7 23. Nxd4 Bxg4 24. Qxg4 Qxd4 25. Be3 Qxd3 26. Bxa7 Rb7 27. Rad1
Qc4 28. b3 Qc2 29. Rc1 Qxa2 30. Rc8 Rf8 31. Bc5 Rb8 32. Bxf8 Rxc8 33. Qxc8 Bxf8
34. e6 Kg7 35. Qc3+ d4 36. Qc7 1-0

[Event "13. Lovsprings EMT Basis 1 2002"]
[Site "Ringsted"]
[Date "2002.05.03"]
[Round "7"]
[White "Hansen, Morten Lyck"]
[Black "Madsen, Morten"]
[Result "1/2-1/2"]
[WhiteElo "1829"]
[BlackElo "1801"]
[PlyCount "119"]
[EventDate "2002.??.??"]

1. e4 g6 2. d4 Bg7 3. Nc3 d6 4. f4 Nd7 5. Nf3 a6 6. Bc4 Nb6 7. Bb3 d5 8. Nxd5
Nxd5 9. Bxd5 Nf6 10. O-O Nxd5 11. exd5 Qxd5 12. Qe2 Bxd4+ 13. Nxd4 Qxd4+ 14.
Be3 Qe4 15. Qf2 Qf5 16. Bc5 b6 17. Bd4 f6 18. Qf3 Ra7 19. Rfe1 Kf7 20. Re2 Rd8
21. Bc3 Bb7 22. Qe3 Qc5 23. Qxc5 bxc5 24. Rae1 Rd7 25. Bd2 Ra8 26. Be3 c4 27.
Bc5 Re8 28. c3 e6 29. Bd4 Bd5 30. Rd2 c6 31. Ree2 Rb7 32. Bc5 Rb5 33. Bd4 Ke7
34. Bf2 Kd6 35. Bg3 f5 36. Bf2 Kc7 37. Bd4 Kc8 38. Be5 Be4 39. Bf6 Ra5 40. a3
Rb5 41. Re3 Rf8 42. Be7 Rf7 43. Bg5 Rd7 44. Rxd7 Kxd7 45. Re2 Rd5 46. Kf2 Rd3
47. Bf6 Kd6 48. Ke1 Kc5 49. Bd4+ Kd5 50. g3 h5 51. Re3 c5 52. Rxd3 cxd3 53. Be3
Bf3 54. b4 cxb4 55. axb4 e5 56. fxe5 Kxe5 57. Kd2 Be4 58. c4 h4 59. Kc3 hxg3
60. hxg3 1/2-1/2

[Event "13. Lovsprings EMT Basis 1 2002"]
[Site "Ringsted"]
[Date "2002.05.03"]
[Round "7"]
[White "Pedersen, Kaj Vinding"]
[Black "Jensen, Karsten"]
[Result "1/2-1/2"]
[WhiteElo "1623"]
[BlackElo "1716"]
[PlyCount "53"]
[EventDate "2002.??.??"]

1. d4 f5 2. e4 fxe4 3. Nc3 Nf6 4. Bg5 g6 5. Bxf6 exf6 6. Nxe4 d5 7. Nd2 a6 8.
Bd3 Nc6 9. c3 Bh6 10. Qc2 Qe7+ 11. Ne2 Be6 12. h4 Bf7 13. O-O-O O-O-O 14. Rde1
Rhe8 15. Qd1 Qd6 16. Kb1 Na5 17. Nb3 Nc4 18. Nc5 Qb6 19. Bxc4 dxc4 20. Ng3 f5
21. Rxe8 Rxe8 22. Re1 Rxe1 23. Qxe1 Bf8 24. Qe5 Bxc5 25. dxc5 Qe6 26. Qxe6+
Bxe6 27. Ne2 1/2-1/2

[Event "13. Lovsprings EMT Basis 1 2002"]
[Site "Ringsted"]
[Date "2002.05.03"]
[Round "7"]
[White "Pondal, Jesper"]
[Black "Nielsen, Carl Otto"]
[Result "1-0"]
[WhiteElo "1809"]
[BlackElo "1691"]
[PlyCount "111"]
[EventDate "2002.??.??"]

1. d4 Nf6 2. Bg5 d5 3. Bxf6 exf6 4. e3 Bd6 5. c4 dxc4 6. Bxc4 O-O 7. Nc3 c6 8.
Nge2 Qe7 9. Qc2 Be6 10. Bd3 g6 11. O-O-O Na6 12. Bxa6 bxa6 13. Ng3 Rab8 14. Rd2
Rb5 15. Nxb5 cxb5 16. Qb1 Bxg3 17. hxg3 Bf5 18. Qa1 Qe4 19. Rh2 Bg4 20. Qb1 Qd5
21. b3 Bf5 22. Qb2 Qe4 23. Kd1 Rc8 24. Ke2 Qg4+ 25. Ke1 Qe4 26. Kf1 b4 27. Rh4
Qc6 28. d5 Qb5+ 29. Kg1 Rc3 30. d6 Bd7 31. Rc4 Rxc4 32. bxc4 Qxc4 33. Rd4 Qc5
34. Qxb4 Qc1+ 35. Kh2 Qf1 36. Rf4 Bc6 37. e4 f5 38. f3 fxe4 39. fxe4 Qd1 40.
Qc4 Qh5+ 41. Rh4 Qb5 42. Qxb5 axb5 43. e5 h5 44. Rd4 Bd7 45. Rd5 Kf8 46. Rc5
Ke8 47. Kg1 a5 48. Kf2 a4 49. a3 Kd8 50. Ke3 Be8 51. Kf4 Kd7 52. Rxb5 Kc6 53.
Rb8 Bd7 54. Kg5 Kd5 55. Kf6 Be6 56. Ke7 1-0

[Event "13. Lovsprings EMT Basis 1 2002"]
[Site "Ringsted"]
[Date "2002.05.03"]
[Round "7"]
[White "Sorensen, Lindved"]
[Black "Rasmussen, Henning"]
[Result "1/2-1/2"]
[WhiteElo "1624"]
[BlackElo "1815"]
[PlyCount "109"]
[EventDate "2002.??.??"]

1. Nf3 f5 2. d4 e6 3. Nc3 Nf6 4. Bf4 d5 5. e3 c6 6. Bd3 Be7 7. Ne5 Nbd7 8. h3
O-O 9. g4 Nxe5 10. dxe5 Ne4 11. f3 Bh4+ 12. Ke2 Nf2 13. Qg1 Nxh1 14. Qxh1 Bg5
15. Bxg5 Qxg5 16. f4 Qe7 17. Rg1 Bd7 18. Kd1 Qc5 19. Qg2 Rf7 20. Qf2 Rd8 21.
Ne2 Qe7 22. Nd4 c5 23. Nf3 c4 24. Be2 a6 25. Nd4 Rc8 26. c3 b5 27. gxf5 exf5
28. Bf3 Be6 29. Qg2 Rd8 30. Kc2 Rd7 31. Rd1 Kf8 32. Nxe6+ Qxe6 33. Bxd5 Rxd5
34. Qxd5 Qxd5 35. Rxd5 Re7 36. Rd6 Ra7 37. b3 cxb3+ 38. axb3 Ke7 39. Kd3 a5 40.
e4 a4 41. bxa4 bxa4 42. Rb6 a3 43. Rb1 a2 44. Ra1 Ke6 45. exf5+ Kxf5 46. Kc2
Kxf4 47. e6 Kf5 48. Kb2 Kxe6 49. Rxa2 Rxa2+ 50. Kxa2 Kd5 51. Kb3 g5 52. Kc2 Kc4
53. Kd2 h5 54. Ke3 Kxc3 55. Ke4 1/2-1/2